|
|
|
|
| LEADER |
00000nam0a2200000 4500 |
| 001 |
26532 |
| 005 |
20231030201650.0 |
| 010 |
|
|
|a 5020003255
|
| 035 |
|
|
|a (RuTPU)RU\TPU\book\26776
|
| 035 |
|
|
|a BOOK00026851
|
| 090 |
|
|
|a 26532
|
| 100 |
|
|
|a 20011209d1993 k y0rusy50 ca
|
| 101 |
0 |
|
|a rus
|
| 102 |
|
|
|a RU
|
| 105 |
|
|
|a y z 001zy
|
| 200 |
1 |
|
|a Исследования по теории дифференцируемых функций многих переменных и ее приложениям
|f Российская академия наук, Математический институт им. В. А. Стеклова (МИАН) ; под ред. С. М. Никольского
|
| 210 |
|
|
|a Москва
|c Наука
|d 1993
|
| 215 |
|
|
|a 305 с.
|
| 225 |
1 |
|
|a Труды Математического института им. В. А. Стеклова
|v Т. 204
|
| 320 |
|
|
|a Библиогр. в конце ст.
|
| 610 |
1 |
|
|a математика
|
| 610 |
1 |
|
|a дифференцируемые функции
|
| 610 |
1 |
|
|a действительные переменные
|
| 610 |
1 |
|
|a приложения
|
| 610 |
1 |
|
|a евклидово пространство
|
| 610 |
1 |
|
|a приближенные функции
|
| 610 |
1 |
|
|a анизотропные пространства
|
| 675 |
|
|
|a 517.518.15
|v 3
|
| 702 |
|
1 |
|a Никольский
|b С. М.
|g Сергей Михайлович
|4 340
|
| 712 |
0 |
2 |
|a Российская академия наук
|b Математический институт им. В. А. Стеклова (МИАН)
|2 stltpush
|3 (RuTPU)RU\TPU\col\135
|
| 801 |
|
0 |
|a RU
|b 63413507
|c 20011209
|g PSBO
|
| 801 |
|
2 |
|a RU
|b 63413507
|c 20100201
|g PSBO
|
| 942 |
|
|
|c BK
|